000 02678nam0a2200397 4500
001 RU\NLR\bibl\1495283
005 20250616014221.0
010 _a978-5-98573-067-8
_9500
021 _aRU
_b2010-11436
_9756
035 _a(nilc)RSL-KNO-004585145
035 _a(NLR Aleph) 001486792
090 _a1738215
_c1738215
100 _a20100226d2009 |||y0rusy50 ca
101 0 _arus
102 _aRU
105 _aa |||||||||
200 1 _aМашины и механизмы
_eучебное пособие для студентов высших учебных заведений, обучающихся по специальности 260500 (250203) "Садово-парковое и ландшафтное строительство"
_fА. Н. Заикин, А.А. Золотаревский, Е.И. Платонов [и др.]
_gпод ред. к.т.н., проф., чл.-кор. РАЕН Золотаревского А. А.
_gГос. образовательные учреждения высш. проф. образования"Брянский гос. инженерно-технологическая акад.", "Московский гос. ун-т леса"
210 _aБрянск
_cБГИТА
_d2009
215 _a95 с.
_cил., табл.
_d20
320 _aБиблиогр.: с. 82
606 1 _aСадово-парковое хозяйство
_jУчебные издания для высших учебных заведений
_xМеханизация
_92235219
_3RU\NLR\auth\661341464
610 0 _aСельское и лесное хозяйство. Сельскохозяйственные и лесохозяйственные науки -- Механизация и электрификация сельского хозяйства. Авиация в сельском хозяйстве -- Тракторы, сельскохозяйственные машины и орудия -- Почвообрабатывающие машины и орудия -- Другие машины по подготовке почвы к посеву -- Учебник для высшей школы
686 _aП072.5я73-1
_2rubbk
686 _aП072.29я73-1
_2rubbk
686 _aП072.527-02я73
701 1 _aЗаикин
_bА. Н.
_gАнатолий Николаевич
_4070
701 1 _aПлатонов
_bЕ. И.
_gЕгор Ильич
_4070
701 1 _aЗолотаревский
_bА. А.
_gАлександр Алексеевич
_4070
801 0 _aRU
_bРГБ
_c20100226
_grcr
801 1 _aRU
_bРГБ
_c20100226
801 2 _aRU
_bNLR
_c20100407
_grcr
830 _aавт. по кн.
942 _cBOOK
980 _aNB
980 _aNBR